| 000 | 00445nam a22001337a 4500 | ||
|---|---|---|---|
| 020 | _a0-07-063753-9 | ||
| 082 | _a621.38173042 DIG'N | ||
| 100 |
_aNORRIS, BRYAN _975407 |
||
| 245 | _aDIGITAL INTEGRATED CIRCUITS AND OPERATIONAL AMPLIFIER AND OPTOELECTRONICSCIRCUITS DESIGN | ||
| 260 |
_aNEWYORK _bMCGRAW HILL _c1976 |
||
| 300 | _a206P | ||
| 650 |
_aOPTOELECTRONICS DEVICES OPERATIONAL AMPLIFIERS DIGITAL INTEGRATED CIRCUITS _975408 |
||
| 942 | _cBK | ||
| 999 |
_c580827 _d580827 |
||